| 000 | 00556nam a2200121Ia 4500 | ||
|---|---|---|---|
| 008 | 220615s9999||||xx |||||||||||||| ||und|| | ||
| 100 | _aLiang, Ying-Chang | ||
| 245 | 0 |
_aDynamic Spectrum Management _bFrom Cognitive Radio to Blockchain and Artificial Intelligence |
|
| 546 | _aEnglish[eng] | ||
| 650 | _aEngineering||Electrical engineering||Wireless communication systems||Mobile communication systems||Computer organization||Computers||Artificial intelligence | ||
| 856 | _uhttps://library.oapen.org/bitstream/20.500.12657/23107/1/1007051.pdf | ||
| 942 | _cEB | ||
| 999 |
_c16789 _d16789 |
||